01085cam a22002771 4500001001300000003000400013005001700017008004100034010001700075035002000092040005700112042001200169050001800181100003500199245009300234260002600327300004600353500018400399500001800583650002400601650002500625710002800650710008300678710002900761999001700790gs 37000024 DLC20260227111341.0860409s1935 txuab 000 0 eng c ags 37000024  a(OCoLC)13413275 aU.S. Geol. survey. LibrarycTxDaMdTxDaMdOCoLCdDLC apremarc00aGB1025.T4bW51 aWhite, Walter N.q(Walter Noy)00aSummary report on the survey of the underground waters of Texas,cby Walter N. White ... a[Austin? Tex.]c1935. a28 numb. l.,bincl. tab., 2 maps.c28 cm. a"Texas State Board of Water Engineers and Engineering Experiment Station of Agricultural and Mechanical College of Texas, in cooperation with the United States Geological survey." aMimeographed. 0aGroundwaterzTexas. 0aWater-supplyzTexas.2 aTexas Water Commission.2 aAgricultural and Mechanical College of Texas.bEngineering experiment station.2 aGeological Survey (U.S.) c27323d27323